LEADER 00846nam a2200205 i 4500 001 000000132162 003 CaOOAMICUS 005 20041202000000.0 008 041202s1923 it u000 u ita u 013 $a105105 040 $aSeMil$bita 100 1 $aMonsabré, Jacques Marie Louis,$d<1827-1907>.$0(OLS)http://semarc/name/837 245 10$aGrazia di Gesù Cristo :$bQuaresima 1887. 300 $a275 p. 500 $a[Contiene : Dalla conferenza 85 alla 90]. 773 0 $aMonsabré, Jacques Marie Louis <1827-1907>$tEsposizione del dogma cattolico.$dTorino ; Roma : Marietti, 1922-1929.$w()12571 850 $aSeMil 852 $aSeMil$W1$xVenegono$y1$m3F I 428/15$j86082$B86082$CSeMilBibl$Z2$F89844 $81 961 $aRecupero: Biblioteca Seminario Saronno 996 $6245$aGrazia di Gesù Cristo :$bQuaresima 1887$9(OLS)http://semarc/title/194203 LEADER 01040nam a2200229 i 4500 001 000000160941 003 CaOOAMICUS 005 20070420000000.0 008 070420s2004 it u000 u ita u 013 $a138304 040 $aSeMil$bita 100 1 $aBrambilla, Alberto,$d<1950- >.$0(OLS)http://semarc/name/8035 245 10$aVolume 3. [Fra tradizione e rinnovamento] /$c[Alberto Brambilla] ; [Giuseppe Magini] ; [Cesare Gallazzi] ; [Carlo Magni]. 300 $aXVI, 407 p. :$bill. 700 1 $aMagni, Carlo.$0(OLS)http://semarc/name/42437 700 1 $aGallazzi, Cesare.$0(OLS)http://semarc/name/21261 700 1 $aMagini, Giuseppe.$0(OLS)http://semarc/name/18271 773 0 $tPer una storia de "la provvidenza" di Busto Arsizio.$dBusto Arsizio : La Provvidenza, 2000-[200?]$w()17664 850 $aSeMil 852 $aSeMil$W1$xVenegono$y1$m3P IV 271$j112383$B112383$CSeMilBibl$Z2$F123029 $81 961 $aOmaggio: Chierichetti mons. Giovanni 996 $6245$aVolume 3. [Fra tradizione e rinnovamento]$9(OLS)http://semarc/title/143805